| 000 | 00485nam a22001697a 4500 | ||
|---|---|---|---|
| 999 |
_c254990 _d254989 |
||
| 003 | OSt | ||
| 005 | 20230824104604.0 | ||
| 008 | 160810b xxu||||| |||| 00| 0 eng d | ||
| 020 | _a0131881205 | ||
| 040 | _cNA | ||
| 050 |
_aHF5681 _b.B2 2006 |
||
| 100 | _aD.Eric Hirst | ||
| 245 |
_aCases in Financial Reporting: _bAn Integrated Approach with an Emphasis on Earning Quality and Persistence |
||
| 250 | _a5th Edition | ||
| 260 |
_aNew Jersey _bPrentice Hall _c2006 |
||
| 942 |
_2lcc _cBK |
||